Normale Ansicht MARC-Ansicht ISBD

Italy and the Islamic World : (Titelsatznr. 71356)

[ MARC ]
MARC-Details
000 -Satzkennung
Kontrollfeld mit fester Länge 02255nam a22003973i 4500
001 - Kontrollnummer
Kontrollfeld EBC31174596
003 - Kontrollnummer Identifier
Kontrollfeld MiAaPQ
005 - Datum und Zeit der letzten Transaktion
Kontrollfeld 20240617124345.0
007 - Feld mit fester Länge zur physischen Beschreibung - Allgemeine Information
Kontrollfeld mit fester Länge cr cnu||||||||
008 - Feld mit fester Länge zur physischen Beschreibung - Allgemeine Angaben
Kontrollfeld mit fester Länge 240613s2024 xx o ||||0 eng d
020 ## - Internationale Standardbuchnummer
Internationale Standardbuchnummer 9781399519632
Nähere Angaben (electronic bk.)
020 ## - Internationale Standardbuchnummer
Gelöschte/ungültige ISBN 9781399519618
040 ## - Katalogisierungsquelle
Original-Katalogisierungsstelle MiAaPQ
Katalogisierungssprache eng
Übertragungsstelle MiAaPQ
100 1# - Haupteintragung - Personenname
Personenname Humayun Akhtar, Ali.
Koha-Normdatenidentnummer 64251
245 10 - Titel
Titel Italy and the Islamic World :
Zusatz zum Titel From Caesar to Mussolini.
250 ## - Ausgabebezeichnung
Ausgabebezeichnung 1st ed.
264 #1 - Produktion, Veröffentlichung, Distribution, Herstellung und Urheberrechtsvermerk
Herstellungs-, Veröffentlichungs- Vertriebs-, Erzeugungsort Edinburgh :
Produzent, Herausgeber, Distributor, Hersteller Edinburgh University Press,
Datum der Herstellung, der Veröffentlichung, des Vertriebs oder des Urheberschutzvermerks 2024.
264 #4 - Produktion, Veröffentlichung, Distribution, Herstellung und Urheberrechtsvermerk
Datum der Herstellung, der Veröffentlichung, des Vertriebs oder des Urheberschutzvermerks ©2024.
300 ## - Physische Beschreibung
Umfang 1 online resource (289 pages)
336 ## - Inhaltstyp
Inhaltstypterm Text
Inhaltstypcode txt
Quelle rdacontent
337 ## - Medientyp
Bezeichnung des Medientyps Computermedien
Medientypcode c
Quelle rdamedia
338 ## - Datenträgertyp
Datenträgertypbezeichnung Online Resource
Datenträgertypcode cr
Quelle rdacarrier
500 ## - Allgemeine Fußnote
Allgemeine Fußnote E-Book-ProQuest / Fernzugriff nach Registrierung möglich
505 0# - Fußnote zu strukturierten Inhaltsangaben
Fußnote zu strukturierten Inhaltsangaben Intro -- List of Figures -- Timeline -- Glossary -- Sources -- Preface -- 1 Italians in the East (Levante) and the Making of Modern Europe -- 2 After Caesar: The Roman Empire and its Arabian Frontiers -- 3 The Formation of the Papal State during the Early Caliphates -- 4 A New Turn to Carthage (Tunisia) and the Start of the Crusades -- 5 Pisan Trade Hubs from Seville to Crusader Syria -- 6 Genoese Commerce across the Habsburg-Ottoman Mediterranean -- 7 The Venetian Republic Turns Global -- 8 Florentine Commerce and the Renaissance -- 9 Livornans in North Africa during Italian Unification -- 10 Italian Citizens between Rome and the East (Levante) -- 11 The Last Levantines (Gli Levantini) -- Epilogue: Memories of the Levant in Exile -- Notes -- Acknowledgments -- Index.
520 ## - Fußnote zu Zusammenfassungen usw.
Fußnote zur Zusammenfassung usw. No detailed description available for "Italy and the Islamic World".
653 ## - Indexierungsterm - Nicht normiert
Nicht-normierter Term Italy-Foreign relations-Islamic countries.
653 ## - Indexierungsterm - Nicht normiert
Nicht-normierter Term Islamic countries-Foreign relations-Italy.
653 ## - Indexierungsterm - Nicht normiert
Nicht-normierter Term Islam-Italy.
655 ## - Indexierungsterm - Genre/Form
Genre/Form oder fokussierter Term Fernzugriff
Koha-Normdatenidentnummer 230
655 #4 - Indexierungsterm - Genre/Form
Genre/Form oder fokussierter Term
776 08 - Andere physische Form
Verweisungsphrase Print version:
Haupteintragung Humayun Akhtar, Ali
Titel Italy and the Islamic World
Ort, Verlag und Erscheinungsjahr Edinburgh : Edinburgh University Press,c2024
Internationale Standardbuchnummer 9781399519618
856 40 - Elektronische Adresse und Zugriff
URL <a href="https://ebookcentral.proquest.com/lib/maxweberstiftung-ebooks/detail.action?docID=31174596">https://ebookcentral.proquest.com/lib/maxweberstiftung-ebooks/detail.action?docID=31174596</a>
OPAC-Notiz Volltext
942 ## - Zusätzliche Felder (Koha)
Koha-Medientyp E-Books
Exemplare
Ausgeschieden Verloren Klassifikation oder Aufstellungssystematik Beschädigt Nicht entleihbar Heimatbibliothek Aufenthaltsbibliothek Aufstellungsort Erwerbungsdatum Inventarnummer Signatur Barcode Letzte Aktivität Preis gültig von Koha-Medientyp
    Andere/Generische Klassifikation     MWN Osteuropa MWN Osteuropa Online-Ressource 17/06/2024 24-e01059 E-24-e01059 74254 17/06/2024 17/06/2024 E-Books